| 000 | 00683nas a2200241 4500 | ||
|---|---|---|---|
| 001 | BR8803762 | ||
| 003 | BR-BrBNA | ||
| 005 | 20231205091205.0 | ||
| 007 | ta | ||
| 008 | 230509b bl.|||p| |||| 00| 00por d | ||
| 040 |
_aBR-BrBNA _bpor _cBiblioteca Nacional de Agricultura |
||
| 041 | _a(Pt) | ||
| 072 | _aL10 | ||
| 100 | 1 | _aDrumond, A.M. | |
| 245 | 1 | _aEfeitos da consanguinidade em bovinos de corte | |
| 650 | _aGADO DE CORTE | ||
| 650 | _aCRUZAMENTO ANIMAL | ||
| 650 | _aCONSANGUINIDADE | ||
| 650 | _aLINHAGEM | ||
| 773 | 0 |
_tLavoura (Brazil) _xISSN 0023-9135 _g(Apr-Jun 1987), v. 90 p. 24-25 _wBR8803762 |
|
| 909 |
_a202311 _bLúcia _c55 _dLúcia Elande |
||
| 942 |
_2AGRIS _n0 _cANA |
||
| 999 |
_c123436 _d123436 |
||